| 000 | 00679nam a2200253Ia 4500 | ||
|---|---|---|---|
| 003 | OSt | ||
| 005 | 20220918220103.0 | ||
| 006 | a|||||r|||| 00| 0 | ||
| 007 | ta | ||
| 008 | 220917b |||||||| |||| 00| 0 eng d | ||
| 024 | _a144,391 | ||
| 037 | _cTextual | ||
| 040 |
_aARTS _cARTS _beng |
||
| 041 |
_2eng _aeng |
||
| 082 | _aY173.641.N3, 122G3(906) | ||
| 100 |
_aMaes J _9136449 |
||
| 245 | 0 | _aAllum feu du congo Belge | |
| 260 |
_aNA _bNA _c1933 |
||
| 300 |
_av1 _ccm. |
||
| 490 | _aAnnales du muse du Congo Belge ethnographie; 6 | ||
| 650 | _aSOCIOLOGY | ||
| 942 |
_hY173.641.N3, 122G3(906) _cTEXL _2CC |
||
| 999 |
_c267305 _d267305 |
||